<?xml version="1.0" encoding="UTF-8"?>
<collection xmlns="http://www.loc.gov/MARC21/slim">
    <record>
        <controlfield tag="001">58483</controlfield>
        <controlfield tag="005">20200221144127.0</controlfield>
        <datafield tag="024" ind1="7" ind2=" ">
            <subfield code="2">doi</subfield>
            <subfield code="a">10.1016/j.enconman.2015.11.070</subfield>
        </datafield>
        <datafield tag="024" ind1="8" ind2=" ">
            <subfield code="2">sideral</subfield>
            <subfield code="a">93237</subfield>
        </datafield>
        <datafield tag="037" ind1=" " ind2=" ">
            <subfield code="a">ART-2016-93237</subfield>
        </datafield>
        <datafield tag="041" ind1=" " ind2=" ">
            <subfield code="a">eng</subfield>
        </datafield>
        <datafield tag="100" ind1=" " ind2=" ">
            <subfield code="0">(orcid)0000-0003-3315-5933</subfield>
            <subfield code="a">Remón, J.</subfield>
        </datafield>
        <datafield tag="245" ind1=" " ind2=" ">
            <subfield code="a">Production of gaseous and liquid chemicals by aqueous phase reforming of crude glycerol: Influence of operating conditions on the process</subfield>
        </datafield>
        <datafield tag="260" ind1=" " ind2=" ">
            <subfield code="c">2016</subfield>
        </datafield>
        <datafield tag="506" ind1="0" ind2=" ">
            <subfield code="a">Access copy available to the general public</subfield>
            <subfield code="f">Unrestricted</subfield>
        </datafield>
        <datafield tag="520" ind1="3" ind2=" ">
            <subfield code="a">The present work studies the influence of the temperature (200-240 °C), pressure (38-50 bar), glycerol concentration (10-50 wt.%) and mass of catalyst/ glycerol mass flow rate ratio (W/mglycerol = 10-40 g catalyst min/g glycerol) during the aqueous phase reforming (APR) of a glycerol solution obtained from the production of biodiesel. The operating conditions exerted a statistically significant influence on the reforming results. Specifically, the global glycerol conversion and the carbon converted into gas and liquid products varied as follows: 4-100%, 1-80% and 16-93%, respectively. The gas phase was made up of H2 (8-55 vol.%), CO2 (34-66 vol.%), CO (0-4 vol.%) and CH4 (6-45 vol.%). The liquid phase consisted of a mixture of alcohols (monohydric: methanol and ethanol; and polyhydric: 1, 2-propanediol, 1, 2-ethanediol, 2, 3-butanediol), aldehydes (acetaldehyde), ketones (C3-ketones: acetone and 2-propanone-1-hydroxy; C4-ketones: 2-butanone-3-hydroxy and 2-butanone-1-hydroxy; and cyclic ketones), carboxylic acids (acetic and propionic acids) and esters (1, 2, 3-propanetriol-monoacetate), together with unreacted glycerol and water. The relative amount (free of water and un-reacted glycerol) of these compounds in the liquid phase was as follows: monohydric alcohols: 4-47%, polyhydric-alcohols: 14-68%, aldehydes: 0-5%, C3-ketones: 2-33%, C4-ketones: 0-10%, ciclo-ketones: 0-6%, carboxylic acids: 2-43%, and esters: 0-46%. This process turned out to be highly customisable for the valorisation of crude glycerol for the production of either gaseous or liquid products. Gas production is favoured at a low pressure (39 bar), high temperature (238 °C), high W/mglycerol ratio (38 g catalyst min/g glycerol) and employing a 15 wt.% glycerol solution. A high pressure (45 bar), medium temperature (216 °C), medium W/mglycerol ratio (22 g catalyst min/g glycerol) and the feeding of a 16 wt.% glycerol solution favours the production of liquid products.</subfield>
        </datafield>
        <datafield tag="536" ind1=" " ind2=" ">
            <subfield code="9">info:eu-repo/grantAgreement/ES/MINECO/ENE2010-18985</subfield>
            <subfield code="9">info:eu-repo/grantAgreement/ES/MINECO/ENE2013-41523-R</subfield>
        </datafield>
        <datafield tag="540" ind1=" " ind2=" ">
            <subfield code="9">info:eu-repo/semantics/openAccess</subfield>
            <subfield code="a">by-nc-nd</subfield>
            <subfield code="u">http://creativecommons.org/licenses/by-nc-nd/3.0/es/</subfield>
        </datafield>
        <datafield tag="590" ind1=" " ind2=" ">
            <subfield code="a">5.589</subfield>
            <subfield code="b">2016</subfield>
        </datafield>
        <datafield tag="591" ind1=" " ind2=" ">
            <subfield code="a">ENERGY &amp; FUELS</subfield>
            <subfield code="b">10 / 92 = 0.109</subfield>
            <subfield code="c">2016</subfield>
            <subfield code="d">Q1</subfield>
            <subfield code="e">T1</subfield>
        </datafield>
        <datafield tag="591" ind1=" " ind2=" ">
            <subfield code="a">THERMODYNAMICS</subfield>
            <subfield code="b">2 / 58 = 0.034</subfield>
            <subfield code="c">2016</subfield>
            <subfield code="d">Q1</subfield>
            <subfield code="e">T1</subfield>
        </datafield>
        <datafield tag="591" ind1=" " ind2=" ">
            <subfield code="a">MECHANICS</subfield>
            <subfield code="b">4 / 133 = 0.03</subfield>
            <subfield code="c">2016</subfield>
            <subfield code="d">Q1</subfield>
            <subfield code="e">T1</subfield>
        </datafield>
        <datafield tag="592" ind1=" " ind2=" ">
            <subfield code="a">2.232</subfield>
            <subfield code="b">2016</subfield>
        </datafield>
        <datafield tag="593" ind1=" " ind2=" ">
            <subfield code="a">Energy Engineering and Power Technology</subfield>
            <subfield code="c">2016</subfield>
            <subfield code="d">Q1</subfield>
        </datafield>
        <datafield tag="593" ind1=" " ind2=" ">
            <subfield code="a">Renewable Energy, Sustainability and the Environment</subfield>
            <subfield code="c">2016</subfield>
            <subfield code="d">Q1</subfield>
        </datafield>
        <datafield tag="593" ind1=" " ind2=" ">
            <subfield code="a">Nuclear Energy and Engineering</subfield>
            <subfield code="c">2016</subfield>
            <subfield code="d">Q1</subfield>
        </datafield>
        <datafield tag="593" ind1=" " ind2=" ">
            <subfield code="a">Fuel Technology</subfield>
            <subfield code="c">2016</subfield>
            <subfield code="d">Q1</subfield>
        </datafield>
        <datafield tag="655" ind1=" " ind2="4">
            <subfield code="a">info:eu-repo/semantics/article</subfield>
            <subfield code="v">info:eu-repo/semantics/acceptedVersion</subfield>
        </datafield>
        <datafield tag="700" ind1=" " ind2=" ">
            <subfield code="a">Giménez, J.R.</subfield>
        </datafield>
        <datafield tag="700" ind1=" " ind2=" ">
            <subfield code="a">Valiente, A.</subfield>
        </datafield>
        <datafield tag="700" ind1=" " ind2=" ">
            <subfield code="0">(orcid)0000-0001-7115-9025</subfield>
            <subfield code="a">García, L.</subfield>
            <subfield code="u">Universidad de Zaragoza</subfield>
        </datafield>
        <datafield tag="700" ind1=" " ind2=" ">
            <subfield code="0">(orcid)0000-0002-5959-3168</subfield>
            <subfield code="a">Arauzo, J.</subfield>
            <subfield code="u">Universidad de Zaragoza</subfield>
        </datafield>
        <datafield tag="710" ind1="2" ind2=" ">
            <subfield code="1">5005</subfield>
            <subfield code="2">555</subfield>
            <subfield code="a">Universidad de Zaragoza</subfield>
            <subfield code="b">Dpto. Ing.Quím.Tecnol.Med.Amb.</subfield>
            <subfield code="c">Área Ingeniería Química</subfield>
        </datafield>
        <datafield tag="773" ind1=" " ind2=" ">
            <subfield code="g">110 (2016), 90-112</subfield>
            <subfield code="p">Energy convers. manag.</subfield>
            <subfield code="t">Energy Conversion and Management</subfield>
            <subfield code="x">0196-8904</subfield>
        </datafield>
        <datafield tag="856" ind1="4" ind2=" ">
            <subfield code="s">2157351</subfield>
            <subfield code="u">http://zaguan.unizar.es/record/58483/files/texto_completo.pdf</subfield>
            <subfield code="y">Postprint</subfield>
        </datafield>
        <datafield tag="856" ind1="4" ind2=" ">
            <subfield code="s">66117</subfield>
            <subfield code="u">http://zaguan.unizar.es/record/58483/files/texto_completo.jpg?subformat=icon</subfield>
            <subfield code="x">icon</subfield>
            <subfield code="y">Postprint</subfield>
        </datafield>
        <datafield tag="909" ind1="C" ind2="O">
            <subfield code="o">oai:zaguan.unizar.es:58483</subfield>
            <subfield code="p">articulos</subfield>
            <subfield code="p">driver</subfield>
        </datafield>
        <datafield tag="951" ind1=" " ind2=" ">
            <subfield code="a">2020-02-21-13:04:08</subfield>
        </datafield>
        <datafield tag="980" ind1=" " ind2=" ">
            <subfield code="a">ARTICLE</subfield>
        </datafield>
    </record>

    
</collection>